000 00344nam a2200145Ia 4500
005 20251222144638.0
008 251222s9999||||xx |||||||||||||| ||spa||
020 _a968-16-0291-9
082 _a280/W79
100 _aWoodrow, Alain
245 0 _aLas Nuevas Sectas
250 _a2a.ed.
264 _bFondo de Cultura Económica
942 _cLIB
999 _c16584
_d16584